Адибони Ҷумҳурии Тоҷикистон. [Қ. 1]: Қ. 1 (Запись № 10760180)
[ простой вид ]
| 000 -МАРКЕР | |
|---|---|
| контрольное поле | 01755nam2a2200253 4500 |
| 001 - ИДЕНТИФИКАТОР ЗАПИСИ | |
| контрольное поле | RU\NLR\BIBL_A\010355079 |
| 005 - ИДЕНТИФИКАТОР ВЕРСИИ | |
| контрольное поле | 20250614042416.0 |
| 010 ## - МЕЖДУНАРОДНЫЙ СТАНДАРТНЫЙ НОМЕР КНИГИ (ISBN) | |
| Номер (ISBN) | 99947-39-02-6 |
| Тираж | 200 |
| 035 ## - ДРУГИЕ СИСТЕМНЫЕ НОМЕРА | |
| Идентификатор записи | (NLR Aleph) 010355079 |
| 100 ## - ДАННЫЕ ОБЩЕЙ ОБРАБОТКИ | |
| Данные общей обработки | 20140510d2006 |||y0rusy50 ca |
| 101 0# - ЯЗЫК РЕСУРСА | |
| Язык текста, звукозаписи и т.д. | таджикский |
| 102 ## - СТРАНА ПУБЛИКАЦИИ ИЛИ ПРОИЗВОДСТВА | |
| Страна публикации | Российская Федерация |
| 105 ## - ПОЛЕ КОДИРОВАННЫХ ДАННЫХ: ТЕКСТОВЫЕ МАТЕРИАЛЫ, МОНОГРАФИЧЕСКИЕ | |
| Кодированные данные о монографическом текстовом документе | y|||||||||||| |
| 200 0# - ЗАГЛАВИЕ И СВЕДЕНИЯ ОБ ОТВЕТСТВЕННОСТИ | |
| Основное заглавие | Қ. 1 |
| 210 ## - ПУБЛИКАЦИЯ, РАСПРОСТРАНЕНИЕ И ДР. | |
| Дата издания, распространения и т.д. | 2006 |
| Место издания, распространения и т.д. | Б. м. |
| 215 ## - ФИЗИЧЕСКАЯ ХАРАКТЕРИСТИКА | |
| Специфическое обозначение материала и объем | 85,[2] саҳ. |
| 300 ## - ОБЩИЕ ПРИМЕЧАНИЯ | |
| Текст примечания | На тит. л. также: Ба ҷашни 15-солагии истиқлолияти давлатии Ҷумҳурии Тоҷикистон, Соли бузургдошти тамаддуни ориеӣ, 2700-солагии шаҳри Кӯлоб ва Анҷумани тоҷикон ва форсизабонони ҷаҳон бахшида мешавад |
| 320 ## - ПРИМЕЧАНИЯ О НАЛИЧИИ В ДОКУМЕНТЕ БИБЛИОГРАФИИ / УКАЗАТЕЛЯ | |
| Текст примечания | Библиогр. в подстроч. примеч. |
| 461 #0 - УРОВЕНЬ НАБОРА | |
| Встроенное поле | 001RU\NLR\BIBL_A\010355078 |
| -- | 2001#$aАдибони Ҷумҳурии Тоҷикистон$e(тавсияҳои методӣ барои китобдорон)$fВаз. фарҳанги Ҷумҳ. Тоҷикистон. К-хонаи миллии Ҷумҳ. Тоҷикистон ба номи А. Фирдавсӣ. Шӯъбаи илмию методӣ$g[мурат. ва муҳ. Ҷ. Раҷабов]$v[Қ. 1] |
| Системный номер (АБИС) связанной записи | 10760177 |
| Место публикации | Душанбе |
| Дата публикации | 2006 |
| Первые сведения об ответственности | Ваз. фарҳанги Ҷумҳ. Тоҷикистон. К-хонаи миллии Ҷумҳ. Тоҷикистон ба номи А. Фирдавсӣ. Шӯъбаи илмию методӣ |
| Имя издателя, распространителя и т.д. | Эҷод |
| Сведения, относящиеся к заглавию | (тавсияҳои методӣ барои китобдорон) |
| Заглавие | Адибони Ҷумҳурии Тоҷикистон |
| Номер тома | [Қ. 1] |
| 852 ## - МЕСТОНАХОЖДЕНИЕ И ШИФР ХРАНЕНИЯ | |
| Идентификатор организации | NLR |
| Наименование фонда или коллекции (Sub-Location Identifier) | ОНЛ |
| Шифр хранения (Call Number) | Тадж./2-8906 |
| 942 ## - ДОПОЛНИТЕЛЬНЫЕ ЭЛЕМЕНТЫ ЗАПИСИ (АБИС) | |
| Тип экземпляра АБИС | Книга |
| 980 ## - КОЛЛЕКЦИЯ | |
| Название коллекции | Национальная библиография |
| Тип экземпляра | Дата поступления | Источник поступления | Библиотека постоянного хранения | Библиотека текущего хранения | Место хранения | Шифр хранения | Штрих-код | Статус экземпляра |
|---|---|---|---|---|---|---|---|---|
| Книга | 10.05.2014 | Зарубежный дар | РНБ (Московский) | РНБ (Московский) | Фонд национальных литератур | ОНЛ Тадж./2-8906 | 1-380604 |